Vista normal
Vista MARC
Entrada Personal Name
Número de registros utilizados en: 3
001 - CONTROL NUMBER
- control field: 13423
003 - CONTROL NUMBER IDENTIFIER
- control field: DLC
005 - DATE AND TIME OF LATEST TRANSACTION
- control field: 20221017130736.0
008 - FIXED-LENGTH DATA ELEMENTS
- fixed length control field: 080218n| azannaabn |n aaa c
010 ## - LIBRARY OF CONGRESS CONTROL NUMBER
- LC control number: no2008025477
035 ## - SYSTEM CONTROL NUMBER
- System control number: (OCoLC)oca07660991
040 ## - CATALOGING SOURCE
- Original cataloging agency: UkCU
- Language of cataloging: spa
- Description conventions: rda
- Transcribing agency: Mx-PuUPA
- Modifying agency: NmU
- Modifying agency: UPB
- Modifying agency: Mx-PuUPA
046 ## - SPECIAL CODED DATES
- Birth date: 1970
053 #0 - LC CLASSIFICATION NUMBER
- Classification number element--single number or beginning number of span: PQ7298.427.U3
100 1# - HEADING--PERSONAL NAME
- Personal name: Quezadas, Juan Carlos,
- Dates associated with a name: 1970-
370 ## - ASSOCIATED PLACE
- Place of birth: México Ciudad (México)
- Source of term: naf
374 ## - OCCUPATION
- Occupation: Autor
- Occupation: Periodista
- Occupation: Productores y directores de televisión
- Source of term: lcsh
375 ## - GENDER
- Gender: hombre
377 ## - ASSOCIATED LANGUAGE
- Language code: spa
670 ## - SOURCE DATA FOUND
- Source citation: Fotografía de la página 14, 2005:
- Information found: t.p. (Juan Carlos Quezadas) p. 4 of cover (b. 1970, Mexico City; studied at the school of the Sociedad General de Escritores de México; has worked as a television director and journalist; writer of children's literature and of four books under a pseudonym)